01154nab a22001697a 4500003000400000005001700004008004100021040000700062100002400069245012100093260007200214300001300286505045400299505008900753650001800842773012400860OSt20260121211024.0190502c xxu||||| |||| 00| 0 spa d cPJ aErickson, Danielle 10aLeyes de responsabilidad filial : bcodificación de un deber especial de cuidado recíproco /cDanielle Erickson. aCiudad Autónoma de Buenos Aires :bThomson Reuters La Ley,c2024. ap. 57-68 aSumario: I. Introducción.— II. Personas sobre quienes recae este deber.— III. Instancias en que surge la responsabilidad de cuidado de padres mayores.— IV. Formas en las que se hace cumplir este deber.— V. Posibilidad real de hacer cumplir este deber filial.— VI. Sobre la pregunta de si deberían ser aplicables las leyes de responsabilidad filial una vez que el padre alcance la edad de sesenta y cinco años.— VII. Conclusión.  t¿Te interesa el texto completo? Solicitalo al correo: koha@justierradelfuego.gov.ar 0aDERECHO PENAL0 02729dBuenos Aires : LexisNexis, 2006-tRevista de derecho penal y procesal penal. Nº 9 - Septiembre 2024z9875920622